LEADER 02638oas 2200781 a 450 001 9910142287703321 005 20250609213026.0 011 $a1911-1487 035 $a(OCoLC)1083312551 035 $a(CONSER)cn2006704553 035 $a(CKB)1000000000318864 035 $a(EXLCZ)991000000000318864 100 $a20060821a20069999 sa b 101 0 $afre 135 $aurcn||||||||| 181 $ctxt$2rdacontent/fre 182 $cc$2rdamedia/fre 200 00$aBulletin des varie?te?s ve?ge?tales 210 $aOttawa $cAgence canadienne d'inspection des aliments, Bureau de la protection des obtensions ve?ge?tales$d[2006]- 300 $aTitre de l'e?cran-titre (visionne? le 21 aou?t 2006). 300 $aDiffuse? par le Programme des services de de?po?t du Gouvernement du Canada. 606 $aPlant varieties$zCanada$vPatents$vPeriodicals 606 $aPlants, Cultivated$zCanada$vPatents$vPeriodicals 606 $aPlant varieties$zCanada$vPatents$vPeriodicals 606 $aPlants, Cultivated$zCanada$vPatents$vPeriodicals 606 $aObtentions ve?ge?tales$zCanada$vPe?riodiques 606 $aPlant varieties$2fast$3(OCoLC)fst01065730 606 $aPlants, Cultivated$2fast$3(OCoLC)fst01066149 606 $aSe?lection ve?ge?tale$2rasuqam 606 $aVarie?te? ve?ge?tale$2rasuqam 607 $aCanada$2fast$1https://id.oclc.org/worldcat/entity/E39PBJkMHVW4rfVXPrhVP4VwG3 607 $aCanada$2rasuqam 608 $aPatents.$2fast 608 $aPeriodicals.$2fast 608 $aPublications officielles.$2rvmgf 608 $aPe?riodique e?lectronique (Descripteur de forme)$2rasuqam 608 $aRessource Internet (Descripteur de forme)$2rasuqam 615 0$aPlant varieties 615 0$aPlants, Cultivated 615 04$aPlant varieties 615 04$aPlants, Cultivated 615 6$aObtentions ve?ge?tales 615 7$aPlant varieties. 615 7$aPlants, Cultivated. 615 7$aSe?lection ve?ge?tale. 615 7$aVarie?te? ve?ge?tale. 676 $a346.7104 686 $acci1icc$2lacc 686 $acoll11$2lacc 686 $acoll14$2lacc 712 02$aCanada.$bBureau de la protection des obtentions ve?ge?tales. 801 0$bNLC 801 1$bNLC 801 2$bOCLCO 801 2$bOCLCF 801 2$bOCLCQ 801 2$bU3Q 801 2$bOCLCO 801 2$bOCLCQ 801 2$bCGC 801 2$bUQ1 801 2$bOCLCQ 801 2$bOCLCL 801 2$bORU 906 $aJOURNAL 912 $a9910142287703321 996 $aBulletin des variétés végétales$92093911 997 $aUNINA LEADER 03676oas 22012133 450 001 9910626149203321 005 20251105213014.0 011 $a2376-7162 035 $a(OCoLC)557517036 035 $a(CONSER) 2014203908 035 $a(CKB)954928587937 035 $a(EXLCZ)99954928587937 100 $a20100317b19841984 uy a 101 0 $aeng 135 $aurbn||||||abp 135 $aurbn||||||ada 181 $ctxt$2rdacontent 182 $cc$2rdamedia 183 $acr$2rdacarrier 200 00$aAT & T Bell Laboratories technical journal $ea journal of the AT & T companies 210 1$aNew York, N.Y. :$cAT & T,$d©1984. 311 08$aPrint version: AT & T Bell Laboratories technical journal : 0748-612X (DLC)84646361 (OCoLC)10464416 517 3 $aA.T. & T. Bell Laboratories journal 517 3 $aA.T. and T. Bell Laboratories journal 517 3 $aAT and T Bell Laboratories technical journal 517 3 $aA.T. & T. Bell Laboratories technical journal 517 3 $aBell Laboratories technical journal 531 0 $aATT Bell Lab. tech. j. 606 $aTelecommunication$vPeriodicals 606 $aElectrical engineering$vPeriodicals 606 $aArtificial satellites in telecommunication$vPeriodicals 606 $aTechnology 606 $aTelecommunication 606 $aTechnology 606 $aTelecommunications 606 $aTe?le?communications$vPe?riodiques 606 $aSatellites artificiels dans les te?le?communications$vPe?riodiques 606 $aGe?nie e?lectrique$vPe?riodiques 606 $aTechnologie 606 $aTe?le?communications 606 $atelecommunications$2aat 606 $aTechnology$2fast$3(OCoLC)fst01145078 606 $aArtificial satellites in telecommunication$2fast$3(OCoLC)fst00817444 606 $aElectrical engineering$2fast$3(OCoLC)fst01728596 606 $aTelecommunication$2fast$3(OCoLC)fst01145830 606 $aTelecommunicatie$2gtt 606 $aTelefonie$2gtt 608 $aperiodicals.$2aat 608 $aPeriodicals.$2fast 608 $aPeriodicals.$2lcgft 608 $aPe?riodiques.$2rvmgf 615 0$aTelecommunication 615 0$aElectrical engineering 615 0$aArtificial satellites in telecommunication 615 0$aTechnology. 615 0$aTelecommunication. 615 2$aTechnology. 615 2$aTelecommunications. 615 6$aTe?le?communications 615 6$aSatellites artificiels dans les te?le?communications 615 6$aGe?nie e?lectrique 615 6$aTechnologie. 615 6$aTe?le?communications. 615 7$atelecommunications. 615 7$aTechnology. 615 7$aArtificial satellites in telecommunication. 615 7$aElectrical engineering. 615 7$aTelecommunication. 615 17$aTelecommunicatie. 615 17$aTelefonie. 676 $a621.38/05 712 02$aAT & T (Firm) 712 02$aAT & T Bell Laboratories 801 0$bOCLCE 801 1$bOCLCE 801 2$bOCLCQ 801 2$bOCLCO 801 2$bOCLCQ 801 2$bOCLCA 801 2$bOCLCF 801 2$bNLGGC 801 2$bOCLCO 801 2$bDLC 801 2$bOCLCQ 801 2$bOCLCO 801 2$bOCLCA 801 2$bWY@ 801 2$bLVT 801 2$bVT2 801 2$bOCLCO 801 2$bNJT 801 2$bOCLCA 801 2$bOCLCO 801 2$bOCLCQ 801 2$bOCL 801 2$bUAB 801 2$bOCLCL 801 2$bDKU 801 2$bU3W 801 2$bOCLCQ 906 $aJOURNAL 912 $a9910626149203321 996 $aAT & T Bell Laboratories technical journal$9800086 997 $aUNINA